Carregant...

Universal extensions and one dimensional crystalline cohomology

Dades bibliogràfiques
Autor principal: Mazur, Barry
Altres autors: Messing, William
Format: Printed Book
Publicat: Springer-Verlag, Berlin 1974
Col·lecció:Lecture Notes in Mathematics, No.0370
Matèries:
LEADER 00580nam a2200169 4500
082 |a R LNM.0370 
100 |a Mazur, Barry 
245 |a Universal extensions and one dimensional crystalline cohomology  |c Barry Mazur and William Messing 
250
260 |a Springer-Verlag, Berlin  |c 1974 
300
490 |a Lecture Notes in Mathematics, No.0370 
650 |a Lecture Notes in Mathematics 
700 |a Messing, William 
942 |c BK 
999 |c 201215  |d 201215 
952 |0 0  |1 0  |4 0  |6 R_LNM_0370_000000000000000  |7 0  |9 214564  |a MAT  |b MAT  |l 0  |o R LNM.0370  |p MAT2224  |r 2019-11-01  |w 2019-11-01  |y BK